Town and Country Planning Act 1971. (Record no. 87835)

MARC details
000 -LEADER
fixed length control field 00451cam a2200181 4500
008 - FIXED-LENGTH DATA ELEMENTS--GENERAL INFORMATION
fixed length control field 090401t1971 xxu||||| |||| 00| 0 eng d
020 ## - INTERNATIONAL STANDARD BOOK NUMBER
International Standard Book Number 0105478717
035 ## - SYSTEM CONTROL NUMBER
System control number (Sirsi) u20528
041 ## - LANGUAGE CODE
Language code of text/sound track or separate title eng
110 ## - MAIN ENTRY--CORPORATE NAME
Corporate name or jurisdiction name as entry element United Kingdom
Form subheading Laws, etc
9 (RLIN) 5044
245 ## - TITLE STATEMENT
Title Town and Country Planning Act 1971.
260 ## - PUBLICATION, DISTRIBUTION, ETC.
Place of publication, distribution, etc. London
Name of publisher, distributor, etc. HMSO
Date of publication, distribution, etc. 1971
300 ## - PHYSICAL DESCRIPTION
Extent xiv,382p. ; 25cm.
350 ## - PRICE (NR) (BK AM CF MU VM SE) [OBSOLETE]
Price 13
520 ## - SUMMARY, ETC.
Summary, etc. Reprinted 1984.
942 ## - ADDED ENTRY ELEMENTS (KOHA)
Suppress in OPAC 0
948 ## - LOCAL PROCESSING INFORMATION (OCLC); SERIES PART DESIGNATOR (RLIN)
c (OCLC) 04/03/1997
Holdings
Withdrawn status Lost status Source of classification or shelving scheme Damaged status Not for loan Home library Current library Shelving location Date acquired Cost, normal purchase price Total Checkouts Full call number Barcode Date last seen Date last checked out Copy number Cost, replacement price Price effective from Koha item type
    Dewey Decimal Classification     London London Basement 23/09/1992 13.00 2 BASEMENT 30036606 06/08/2019 31/08/2005 1 13.00 06/08/2019 Book